<?xml version="1.0" encoding="UTF-8"?><?xml-stylesheet type="text/xsl" href="static/style.xsl"?><OAI-PMH xmlns="http://www.openarchives.org/OAI/2.0/" xmlns:xsi="http://www.w3.org/2001/XMLSchema-instance" xsi:schemaLocation="http://www.openarchives.org/OAI/2.0/ http://www.openarchives.org/OAI/2.0/OAI-PMH.xsd"><responseDate>2026-04-17T18:50:01Z</responseDate><request verb="GetRecord" identifier="oai:www.recercat.cat:2117/349017" metadataPrefix="marc">https://recercat.cat/oai/request</request><GetRecord><record><header><identifier>oai:recercat.cat:2117/349017</identifier><datestamp>2025-07-23T07:07:05Z</datestamp><setSpec>com_2072_1033</setSpec><setSpec>col_2072_452951</setSpec></header><metadata><record xmlns="http://www.loc.gov/MARC21/slim" xmlns:dcterms="http://purl.org/dc/terms/" xmlns:xsi="http://www.w3.org/2001/XMLSchema-instance" xmlns:doc="http://www.lyncode.com/xoai" xsi:schemaLocation="http://www.loc.gov/MARC21/slim http://www.loc.gov/standards/marcxml/schema/MARC21slim.xsd">
   <leader>00925njm 22002777a 4500</leader>
   <datafield ind2=" " ind1=" " tag="042">
      <subfield code="a">dc</subfield>
   </datafield>
   <datafield ind2=" " ind1=" " tag="720">
      <subfield code="a">Gómez Perea, Carlos</subfield>
      <subfield code="e">author</subfield>
   </datafield>
   <datafield ind2=" " ind1=" " tag="260">
      <subfield code="c">2021-07-08</subfield>
   </datafield>
   <datafield ind2=" " ind1=" " tag="520">
      <subfield code="a">Actualmente, todo trabajo fin de estudios (TFEs), tanto de grado (TFG) como de máster (TFM), incluye una memoria en formato pdf, que se deposita en una intranet, antes de ser defendido. El director del TFE suele encontrarse,de forma recurrente, los mismos errores y defectos de forma durante la revisión de la memoria correspondiente. Defectos tales como  faltas de ortografía, errores gramaticales, encabezados o pies de página erróneos, defectos en la portada, ausencia de glosario, ausencia de índice, defectos en las referencias bibliográficas, estilos incorrectos en los párrafos y problemas  con las unidades y con los dígitos, son habituales en las versiones preliminares de la memoria de un TFE. La corrección  de defectos de forma en la memoria de un TFE es un trabajo arduo, que requiere de una gran cantidad de horas. Para simplificar esta tarea, se ha desarrollado el presente TFG, que consta de una herramienta basada en macros de Microsoft Word para detectar los defectos de forma y los errores de una memoria de un TFE escrita en Word y generar de forma automática un informe con un listado completo de los defectos encontrados. Dichas macros han sido programadas en el lenguaje Visual Basic for Application (VBA) de Microsoft. La prueba y validación de las macros desarrolladas se ha realizado una a una, en primer lugar, con un documento específico para comprobar su correcto funcionamiento y posteriormente, sobre memorias de TFE redactadas por otros estudiantes de la ETSEIB. El objetivo de este trabajo se ha cumplido parcialmente, ya que ha sido posible detectar la mayoría de los defectos y errores planteados en la propuesta del proyecto. Posibles continuaciones del trabajo serían detectar los defectos que no se han podido localizar y, además, añadir una herramienta de corrección automática de los problemas encontrados</subfield>
   </datafield>
   <datafield tag="653" ind2=" " ind1=" ">
      <subfield code="a">Àrees temàtiques de la UPC::Informàtica</subfield>
   </datafield>
   <datafield tag="653" ind2=" " ind1=" ">
      <subfield code="a">Text editors (Computer programs)</subfield>
   </datafield>
   <datafield tag="653" ind2=" " ind1=" ">
      <subfield code="a">Proofreading -- Automation</subfield>
   </datafield>
   <datafield tag="653" ind2=" " ind1=" ">
      <subfield code="a">Escola Tècnica Superior d'Enginyeria Industrial de Barcelona -- Education -- Curricula</subfield>
   </datafield>
   <datafield tag="653" ind2=" " ind1=" ">
      <subfield code="a">Editors de text (Programes d'ordinador)</subfield>
   </datafield>
   <datafield tag="653" ind2=" " ind1=" ">
      <subfield code="a">Correcció de proves d'impremta -- Automatització</subfield>
   </datafield>
   <datafield tag="653" ind2=" " ind1=" ">
      <subfield code="a">Escola Tècnica Superior d'Enginyeria Industrial de Barcelona -- Currículums</subfield>
   </datafield>
   <datafield ind2="0" ind1="0" tag="245">
      <subfield code="a">Herramienta de verificación de la memoria de un TFE mediante macros de Microsoft Word</subfield>
   </datafield>
</record></metadata></record></GetRecord></OAI-PMH>